Calculus for the practical man, (Record no. 614982)

000 -LEADER
fixed length control field 00905cam a22003011 4500
001 - CONTROL NUMBER
control field 1691760
005 - DATE AND TIME OF LATEST TRANSACTION
control field 20251002152708.0
008 - FIXED-LENGTH DATA ELEMENTS--GENERAL INFORMATION
fixed length control field 751204s1946 nyu 000 0 eng
010 ## - LIBRARY OF CONGRESS CONTROL NUMBER
LC control number 46006439
020 ## - INTERNATIONAL STANDARD BOOK NUMBER
International Standard Book Number 978-1406756722
035 ## - SYSTEM CONTROL NUMBER
System control number 1691760
040 ## - CATALOGING SOURCE
Original cataloging agency DLC
Transcribing agency Wa
Modifying agency DLC
050 00 - LIBRARY OF CONGRESS CALL NUMBER
Classification number QA303
Item number .T44 1946
082 00 - DEWEY DECIMAL CLASSIFICATION NUMBER
Classification number 517
Author Mark THO
100 1# - MAIN ENTRY--PERSONAL NAME
Personal name Thompson, James Edgar,
Dates associated with a name 1892-
9 (RLIN) 130810
245 00 - TITLE STATEMENT
Title Calculus for the practical man,
Statement of responsibility, etc. by J. E. Thompson ....
260 ## - PUBLICATION, DISTRIBUTION, ETC.
Place of publication, distribution, etc. New York,
Name of publisher, distributor, etc. D. Van Nostrand
Date of publication, distribution, etc. [1946]
300 ## - PHYSICAL DESCRIPTION
Extent xvi, 342 p.
Dimensions 20 cm.
336 ## - CONTENT TYPE
Content type term text
Content type code txt
Source rdacontent
337 ## - MEDIA TYPE
Media type term unmediated
Media type code n
Source rdamedia
338 ## - CARRIER TYPE
Carrier type term volume
Carrier type code nc
Source rdacarrier
490 0# - SERIES STATEMENT
Series statement Mathematics for self study
500 ## - GENERAL NOTE
General note On cover: 2d ed.
650 #0 - SUBJECT ADDED ENTRY--TOPICAL TERM
Topical term or geographic name entry element Calculus.
906 ## - LOCAL DATA ELEMENT F, LDF (RLIN)
a 7
b cbc
c orignew
d u
e ocip
f 19
g y-gencatlg
942 ## - ADDED ENTRY ELEMENTS (KOHA)
Source of classification or shelving scheme
Koha item type Book
Holdings
Withdrawn status Lost status Source of classification or shelving scheme Damaged status Not for loan Permanent Location Current Location Shelving location Date acquired Total Checkouts Full call number Barcode Date last seen Price effective from Koha item type
          Central Library (CL) Central Library (CL) Lincoln Corner 10/02/2025   517 THO LC-478 10/02/2025 10/02/2025 Book
© 2023 Central Library, National University of Sciences and Technology. All Rights Reserved.